|
|
|
|
| LEADER |
00000nab a2200000 a 4500 |
| 001 |
vtls000511414 |
| 003 |
SK-MaSNL |
| 005 |
20260305002826.0 |
| 008 |
250425c1994 xo 0 slo |
| 015 |
|
|
|a SNBRB19rr/mm-uuuuu
|
| 035 |
|
|
|a CL0511552
|
| 035 |
|
|
|a urn:nbn:sk:snk-ab1zpm
|
| 035 |
|
|
|a (urnnbn)urn:nbn:sk:snk:ar-a01bwn
|
| 035 |
|
|
|a (uuid)5c54844d-989c-4150-a9b1-aeaf79b93e68
|
| 040 |
|
|
|a SNKBUCL
|b slo
|c SNKBUCL
|e AACR2
|
| 041 |
0 |
|
|a slo
|
| 044 |
|
|
|a xo
|c SK
|
| 080 |
|
|
|a 785.7:786/789:061.7
|2 1981
|
| 080 |
|
|
|a 786/789
|2 1981
|
| 100 |
1 |
|
|a Puškárová, Melánia
|4 aut
|9 1579207
|
| 245 |
1 |
0 |
|a Cez Viedenskú bránu za hudbou na Hrad
|c Melánia Puškárová, Miloslav Blahynka
|
| 300 |
|
|
|b Fotogr. 2
|
| 650 |
0 |
7 |
|a komorná hudba
|2 snkbucl
|9 3431
|
| 655 |
|
7 |
|a články z novín a časopisov
|2 snkbucl
|9 267496
|
| 700 |
1 |
|
|a Blahynka, Miloslav,
|d 1961-2011
|4 aut
|9 102187
|
| 773 |
0 |
|
|t Hudobný život '94
|g Roč. 26, č. 4 (1994), s. 4
|
| 850 |
|
|
|a Slovenská národná knižnica
|
| 852 |
|
|
|a Slovenská národná knižnica
|
| 954 |
|
|
|a odborná, vedecká literatúra pôvodná (slovenská)
|2 lita
|
| 958 |
|
|
|a article27
|
| 958 |
|
|
|a OND
|
| 958 |
|
|
|a RK
|
| 958 |
|
|
|a EUIPO
|
| 992 |
|
|
|a RBX
|
| 999 |
|
|
|c 3227154
|d 3229084
|